Normal view
MARC view
- Accounting Information Systems
Entry Topical Term
001 - CONTROL NUMBER
- control field: 3226
003 - CONTROL NUMBER IDENTIFIER
- control field: JO-AjAnu
005 - DATE AND TIME OF LATEST TRANSACTION
- control field: 20230606070830.0
008 - FIXED-LENGTH DATA ELEMENTS
- fixed length control field: 230606|| aca||aabn | a|a d
040 ## - CATALOGING SOURCE
- Original cataloging agency: JO-AjAnu
- Transcribing agency: JO-AjAnu
150 ## - HEADING--TOPICAL TERM
- Topical term or geographic name entry element: Accounting Information Systems
670 ## - SOURCE DATA FOUND
- Source citation: Work cat.: (JO-AjAnu)1688: Wilkinson,Joseph W / Cerullo,Michael J, author 3225, Accounting Information Systems : Essential Concepts and Applications